书目信息 |
| 题名: |
忏悔录
|
|
| 作者: | 奥克斯丁 ;周士良 译 | |
| 分册: | ||
| 出版信息: | 商务印书馆 |
|
| 页数: | 328 | |
| 开本: | 20cm | |
| 丛书名: | ||
| 单 册: | ||
| 中图分类: | B502.4 | |
| 科图分类: | ||
| 主题词: | 哲学--欧洲 | |
| 电子资源: | ||
| ISBN: | 7-100-00560-4 | |
| 000 | 00560nam0 2200193 450 | |
| 001 | 0760515518 | |
| 005 | 20070817164835.51 | |
| 010 | @a7-100-00560-4@d¥8.00 | |
| 100 | @a20070817d km y0chiy0120 ea | |
| 101 | 0 | @achi |
| 200 | 1 | @a忏悔录@Achan hui lu@f(古罗马)奥克斯丁@F(gu luo ma)ao ke si ding@g周士良译@Gzhou shi liang yi |
| 210 | @c商务印书馆 | |
| 215 | @a328@d20cm | |
| 606 | 0 | @a哲学@x欧洲 |
| 690 | @aB502.4@v3 | |
| 701 | 0 | @a奥克斯丁@Aao ke si ding |
| 702 | 0 | @a周士良@Azhou shi liang@4译 |
| 801 | 0 | @aCN@bPFT@c20070817 |
| 905 | @a213230@dB502.4@eg9@f1 | |
| 忏悔录/(古罗马)奥克斯丁/周士良译.-商务印书馆 |
| 328;20cm |
| ISBN 7-100-00560-4:¥8.00 |
| ● |
| 相关链接 |
|
|
|
|
正题名:忏悔录
索取号:B502.4/g9
 
预约/预借
| 序号 | 登录号 | 条形码 | 馆藏地/架位号 | 状态 | 备注 |
| 1 | 6500260 | 265002604 | 经管系资料室/ [索取号:B502.4/g9] | 在馆 |